BLACK FRIDAY : (Record no. 204398)

MARC details
000 -LEADER
fixed length control field 02046nam a2200385 ia4500
003 - CONTROL NUMBER IDENTIFIER
control field OSt
005 - DATE AND TIME OF LATEST TRANSACTION
control field 20260521120445.0
008 - FIXED-LENGTH DATA ELEMENTS--GENERAL INFORMATION
fixed length control field 260521t20252025-uka gr 000 1ceng d
020 ## - INTERNATIONAL STANDARD BOOK NUMBER
International Standard Book Number 9781835623022
Terms of availability RM85.50
Qualifying information hardback
040 ## - CATALOGING SOURCE
Original cataloging agency PPAK
Language of cataloging eng
Transcribing agency PPAK
Description conventions rda
082 04 - DEWEY DECIMAL CLASSIFICATION NUMBER
Edition number 23
Classification number 823.92
090 00 - LOCALLY ASSIGNED LC-TYPE CALL NUMBER (OCLC); LOCAL CALL NUMBER (RLIN)
Classification number (OCLC) (R) ; Classification number, CALL (RLIN) (NR) 823.92
Feature heading NTU
Feature heading G
100 1# - MAIN ENTRY--PERSONAL NAME
Personal name Ntumy, Cheryl S.,
Relator term author.
245 10 - TITLE STATEMENT
Title BLACK FRIDAY :
Remainder of title Short Stories from Africa /
Statement of responsibility, etc. Cheryl S. Ntumy ; Foreword by Eugen Bacon ; Senior Project Editor: Gillian Whitaker ; Illustrator: Marvin Opuni Kwabia
246 34 - VARYING FORM OF TITLE
Title proper/short title Black friday :
Remainder of title Short stories from Africa, fantasy and science fiction from a powerful African voice
264 #1 - PRODUCTION, PUBLICATION, DISTRIBUTION, MANUFACTURE, AND COPYRIGHT NOTICE
Place of production, publication, distribution, manufacture London, United kingdom :
Name of producer, publisher, distributor, manufacturer FLAME TREE PUBLISHING,
Date of production, publication, distribution, manufacture, or copyright notice 2025
Date of production, publication, distribution, manufacture, or copyright notice ©2025
300 ## - PHYSICAL DESCRIPTION
Extent [416] pages :
Other physical details illustrations ;
Dimensions 20 cm
336 ## - CONTENT TYPE
Content type term text
Source rdacontent
337 ## - MEDIA TYPE
Media type term unmediated
Source rdamedia
338 ## - CARRIER TYPE
Carrier type term volume
Source rdacarrier
490 1# - SERIES STATEMENT
Series statement Beyond & Within
504 ## - BIBLIOGRAPHY, ETC. NOTE
Bibliography, etc. note Bibliography: pages 413-414.
520 ## - SUMMARY, ETC.
Summary, etc. "This collection features nine new stories, including 'Dream State', 'Clickbait' and 'The Feeding Grounds' with other popular tales, such as 'The Storymage' and 'The Way of Baa'gh' (A SauĂștiverse story). The Flame Tree Beyond and Within short story collections bring together tales of myth and imagination by modern and contemporary writers, carefully selected by anthologists, and sometimes featuring short stories from a single author. Overall, the series presents a wide range of diverse and inclusive voices with myth, folkloric-inflected short fiction, and an emphasis on the supernatural, science fiction, the mysterious and the speculative."-- Provided by publisher.
650 10 - SUBJECT ADDED ENTRY--TOPICAL TERM
Topical term or geographic name entry element English fiction
Topical term or geographic name entry element Short stories
Topical term or geographic name entry element Tales
Topical term or geographic name entry element Fantasy fiction
Topical term or geographic name entry element Science fiction
700 1# - ADDED ENTRY--PERSONAL NAME
Personal name Bacon, Eugen,
Relator term author.
Personal name Whitaker, Gillian,
Relator term editor.
Personal name Kwabia, Marvin Opuni,
Relator term illustrator.
830 #0 - SERIES ADDED ENTRY--UNIFORM TITLE
Uniform title Beyond & within
942 ## - ADDED ENTRY ELEMENTS (KOHA)
Source of classification or shelving scheme Dewey Decimal Classification
Koha item type Book

No items available.